La XL Convención Bancaria (Record no. 5545)
[ view plain ]
| 000 -CABECERA | |
|---|---|
| campo de control de longitud fija | 00899nam a2200229 a 4500 |
| 001 - NÚMERO DE CONTROL | |
| campo de control | BRCA_5856 |
| 005 - FECHA Y HORA DE LA ÚLTIMA TRANSACCIÓN | |
| campo de control | 20190320205236.0 |
| 008 - DATOS DE LONGITUD FIJA--INFORMACIÓN GENERAL | |
| campo de control de longitud fija | 160311d1945----mx-a######---a101-0#spa-# |
| 041 ## - CÓDIGO DE LENGUA | |
| Código de lengua del texto/banda sonora o título independiente | spa |
| 044 ## - CÓDIGO DEL PAÍS DE LA ENTIDAD EDITORA/PRODUCTORA | |
| Código MARC del país | mx |
| 050 #4 - SIGNATURA TOPOGRÁFICA DE LA BIBLIOTECA DEL CONGRESO | |
| Número de clasificación | HG1521 |
| Número de documento/Ítem | .C66 |
| -- | 1945 |
| 111 2# - ENTRADA PRINCIPAL--NOMBRE DE CONGRESO/REUNIÓN | |
| Nombre de congreso/reunión o jurisdicción como elemento de entrada | Convención Bancaria. |
| Número del congreso/reunión o número de parte o sección | 11o. |
| Fecha del congreso/reunión | 19, 20, 21 de abril de 1945. |
| Sede del congreso/Lugar de la reunión | Guadalajara, Jal. |
| 9 (RLIN) | 14835 |
| 245 10 - MENCIÓN DE TÍTULO | |
| Título | La XL Convención Bancaria |
| Resto del título | discursos, ponencias y demas trabajos de la undecima convención bancaria celebrada en la Ciudad de Guadalajara, Jal., los días 19, 20, 21 de abril de 1945. |
| 260 ## - PUBLICACIÓN, DISTRIBUCIÓN, ETC. | |
| Lugar de publicación, distribución, etc. | México |
| Nombre del editor, distribuidor, etc. | El Economista |
| Fecha de publicación, distribución, etc. | 1945 |
| 300 ## - DESCRIPCIÓN FÍSICA | |
| Extensión | p. 6-148. |
| Otras características físicas | il. |
| Dimensiones | 29 cm. |
| 500 ## - NOTA GENERAL | |
| Nota general | Índice Analítico. |
| 500 ## - NOTA GENERAL | |
| Nota general | En ´El Economista´. t. 13, año 7, Nº 145 (Mayo-Junio) de 1945 (Mayo-Junio de 1945) |
| 501 ## - NOTA DE "CON" | |
| Nota de “Con” | H110 |
| 650 14 - PUNTO DE ACCESO ADICIONAL DE MATERIA--TÉRMINO DE MATERIA | |
| Término de materia o nombre geográfico como elemento de entrada | Bancos y Operaciones Bancarias. |
| Subdivisión geográfica | Guadalajara, (México) |
| 9 (RLIN) | 14836 |
| 902 ## - CATALOGADOR | |
| Iniciales | GFM |
| 942 ## - ELEMENTOS DE PUNTO DE ACCESO ADICIONAL (KOHA) | |
| Fuente del sistema de clasificación o colocación | Library of Congress Classification |
| Tipo de ítem Koha | Libros |
| Estado de retiro | Estado de pérdida | Estado dañado | No para préstamo | Localización permanente | Ubicación/localización actual | Fecha de adquisición | Total de préstamos | Signatura topográfica completa | Código de barras | Fecha visto por última vez | Precio válido a partir de | Tipo de ítem Koha |
|---|---|---|---|---|---|---|---|---|---|---|---|---|
| El ejemplar forma parte de la colección y puede ser consultado según las políticas vigentes. | Biblioteca del Museo Franz Mayer (Rogerio Casas-Alatriste) | Biblioteca del Museo Franz Mayer (Rogerio Casas-Alatriste) | 16/03/2011 | HG1521 .C66 1945 | 6295 | 22/03/2019 | 22/03/2019 | Libros |